00335nam a2200145Ia 4500008004100000020001500041041001200056082001600068100001300084245002400097260003100121300000800152650001500160700001400175221030s9999 xx 000 0 und d a8126110317 aEnglish a105.23bKum aN. Kumar 0aOffice Organisation bAnmol PubaNew Delhic2002 a333 aManagement aR. Mittal